Γεωλογία και περιβάλλον

Αποθηκεύτηκε σε:
Λεπτομέρειες βιβλιογραφικής εγγραφής
Κύριος συγγραφέας: Λέκκας, Ευθύμιος Λ.
Συγγραφή απο Οργανισμό/Αρχή: Εθνικό και Καποδιστριακό Πανεπιστήμιο Αθηνών
Μορφή: Βιβλίο
Γλώσσα:Greek
Δημοσίευση: Αθήνα : Εθνικό Καποδιστριακό Πανεπιστήμιο Αθηνών, 1995
Θέματα:
Ετικέτες: Προσθήκη ετικέτας
Δεν υπάρχουν, Καταχωρήστε ετικέτα πρώτοι!

MARC

LEADER 00000nam a2200000 i 4500
001 1/6329
008 960628s1995 gre d
035 |l 10016315 
040 |a GR-MY-UA  |b gre  |e aacr 
041 0 |a gre 
082 0 |a 551 
100 1 |a Λέκκας, Ευθύμιος Λ. 
110 2 |a Εθνικό και Καποδιστριακό Πανεπιστήμιο Αθηνών. 
245 1 0 |a Γεωλογία και περιβάλλον /  |c Ευθ. Λ. Λέκκας 
260 |a Αθήνα :   |b Εθνικό Καποδιστριακό Πανεπιστήμιο Αθηνών,   |c 1995 
300 |a 241 σ.  |b εικ. 
650 0 0 |a Geology  |x Environmental aspects. 
650 0 0 |a Environmental geology. 
852 |a INST  |b LESVOS  |e 19960628  |h 551 ΛΕΚ  |p 005100009754  |q 005100009754  |t BK  |y 0 
852 |a INST  |b LESVOS  |e 19960628  |h 551 ΛΕΚ  |p 005100009772  |q 005100009772  |t BK  |y 0 
909 |a Λ  |b 044212 
922 |a 1ΔΩΡ  |b 199606